000 00426nam a22001577a 4500
003 OSt
005 20160517134328.0
008 160517b xxu||||| |||| 00| 0 eng d
020 _a0072509317
040 _cN/A
100 _aCunningham William .P.
245 _aPrinciples of environmental science
_bInquiry and applications
250 _a2nd ed
260 _aNew York
_bMcGraw -Hill Companies lnc
_c2004
942 _2lcc
_cBK
999 _c253784
_d253783